Catalog

Record Details

Catalog Search



Revolution um Gott und den Glauben : Aspekte existentialer Theologie / Gerhard Schüler. Cover Image Book Book

Revolution um Gott und den Glauben : Aspekte existentialer Theologie / Gerhard Schüler.

Record details

  • Physical Description: 138 s., 22 cm.
  • Publisher: Stuttgart : Evangelisches Verlagswerk , 1969.

Content descriptions

Bibliography, etc. Note:
Bibliography: p. 137-138.
Subject: Theology, Doctrinal > History > 20th century.
Christianity and existentialism.

Available copies

  • 1 of 1 copy available at Common Catalog SPOK.

Holds

  • 0 current holds with 1 total copy.
Show Only Available Copies
Location Call Number / Copy Notes Barcode Shelving Location Status Due Date
ETS Library 230 424470017609 Volný výběr Available -

LDR 00779nam a22002411 4500
00146335
003CZ-PrJAB
00520200407214658.0
008790522s1969 gw b 000 0 ger
035 . ‡9(DLC) 75574857
906 . ‡a7 ‡bcbc ‡corignew ‡du ‡encip ‡f19 ‡gy-gencatlg
010 . ‡a 75574857
015 . ‡aGDB69-A28-25
040 . ‡aDLC ‡cDLC ‡dDLC
05000. ‡aBT84 ‡b.S3
08214. ‡a230
1001 . ‡aSchüler, Gerhard, ‡d1909-
24510. ‡aRevolution um Gott und den Glauben : ‡bAspekte existentialer Theologie / ‡nGerhard Schüler.
260 . ‡aStuttgart : ‡bEvangelisches Verlagswerk , ‡c1969.
300 . ‡a138 s., ‡c22 cm.
350 . ‡a11.50
504 . ‡aBibliography: p. 137-138.
650 0. ‡aTheology, Doctrinal ‡xHistory ‡y20th century.
650 0. ‡aChristianity and existentialism.
910 . ‡aABG450
991 . ‡bc-GenColl ‡hBT84 ‡i.S3 ‡tCopy 1 ‡wBOOKS
901 . ‡a46335 ‡bCZ-PrJAB ‡c46335 ‡tbiblio

Additional Resources